00901cam a2200229Mi 450000500170000000800410001702000150005802000180007304000610009104100080015210000180016024502170017826000710039530000470046650000210051365000160053465000240055065000140057465000190058870000370060776500270064420260120083909.0140827s2002 mx ad fr 001 0 spa d a9702403588 a9789702403586 aCO-BoUCMbspacJose A. GerenadDavid Moreno (modificó)1 aspa1 aDelano, Frank13aEl poder de la marcacFrank Delano ; traducción de Denise Long Escalerabel especialista más importante de Estados Unidos comparte sus secretos para impulsar su marca al estrellato de la mercadotecnia mundial aMéxico D.F. (México)bCompañía Editorial Continentalc2002 axvi, 262 páginasbilustraciones, cuadros aIncluye índice 7aPublicidad  7aMarcas de empresas  7aMercadeo  7aMercadotecnia  aLong Escalera, Deniseetraductor tThe omnipowerful brand